• 首页
  • 本馆介绍
  • 公告通知
  • 最新文献
  • 馆藏检索
  • 电子资源
  • 读者导购
  • 参考咨询
  • 我的图书馆
  • 登录
  • 详细信息显示
  • 放入我的书架
  • 预约/预借图书
  • 作者相关作品
  • 分类相关作品
  • 丛书相关作品
  • 出版社相关作品

书目信息

  • 表格格式
  • 工作单格式
  • 卡片格式
题名:
空空之外
    
 
作者: 雪漠 著
分册:  
出版信息: 北京   中国大百科全书出版社  2016
页数: 439页
开本: 21cm
丛书名:
单 册:
中图分类: B3
科图分类:
主题词: 东方哲学--研究
电子资源:
ISBN: 978-7-5000-9941-3
000 00767nam0 2200217 450
001 7168
005 20180605095703.93
010    @a978-7-5000-9941-3@dCNY48.00
100    @a20160817d2016 em y0chiy50 ea
101 0  @achi
102    @aCN@b110000
105    @ay z 000yy
200 1  @a空空之外@9kong kong zhi wai@f雪漠著
210    @a北京@c中国大百科全书出版社@d2016
215    @a439页@d21cm
330    @a本书集中体现了西部文化的特色:当下关怀,包括文化传承、哲学理论、实践和妙用四个部分,其内容直指人心,是关于东方哲学的一次资料性梳理,是一场东方哲学与西部文化的思想碰撞,是东方哲学和传统文化的生活化妙用,实用、直指、简单。
606 0  @a东方哲学@x研究
690    @aB3@v5
701  0 @a雪漠@9xue mo@4著
801  0 @aCN@b91MARC@c20161118
905    @aMuseLib@dB3@e4
    
    空空之外/雪漠著.-北京:中国大百科全书出版社,2016
    439页;21cm
    
    
    ISBN 978-7-5000-9941-3:CNY48.00
    本书集中体现了西部文化的特色:当下关怀,包括文化传承、哲学理论、实践和妙用四个部分,其内容直指人心,是关于东方哲学的一次资料性梳理,是一场东方哲学与西部文化的思想碰撞,是东方哲学和传统文化的生活化妙用,实用、直指、简单。
●
相关链接 在E读中查询图书 在五车中查询图书 在当当中查询图书 在豆瓣中查询图书


正题名:空空之外     索取号:B3/4         预约/预借

序号 登录号 条形码 馆藏地/架位号 状态 备注
1 1116737   211167379   第一样本阅览室/ [索取号:B3/4] 在馆    
2 1116738   211167388   教育系资料室/ [索取号:B3/4] 在馆    
3 1116739   211167397   教育系资料室/ [索取号:B3/4] 在馆    
4 1116740   211167404   第一借阅区/ [索取号:B3/4] 在馆    
唐山师范学院图书馆 欢迎您!
大连网信软件有限公司© 版权所有